00521 2200193 4500001002100000005001500021008004100036020001800077035002500095041000800120082001000128090001000138100002600148245004400174250001600218260003000234300003500264650002800299INLIS00000000000534920130515152641 ind  a979-3738-02-2 a0010-051300000005349 aind a006.5 a006.5 aInung K., Arisasangka aMembuat Aransemen Musik dengan Komputer aCetakan : 1 aJakartabEska Mediac2004 axi, 175 hlm. : ilus. ;20,5 cm. aSintesis Suara Komputer